Benchmarking for best practice / (Record no. 347893)
[ view plain ]
| 000 -LEADER | |
|---|---|
| fixed length control field | 01703 a2200169 4500 |
| 020 ## - INTERNATIONAL STANDARD BOOK NUMBER | |
| International Standard Book Number | 0750639482 (paperback) |
| 020 ## - INTERNATIONAL STANDARD BOOK NUMBER | |
| International Standard Book Number | 9780750639484 (paperback) |
| 082 04 - DEWEY DECIMAL CLASSIFICATION NUMBER | |
| Classification number | 658 |
| 090 ## - LOCALLY ASSIGNED LC-TYPE CALL NUMBER (OCLC); LOCAL CALL NUMBER (RLIN) | |
| -- | 5486 |
| -- | 5486 |
| 100 1# - MAIN ENTRY--PERSONAL NAME | |
| Personal name | Zairi, Mohamed. |
| 245 10 - TITLE STATEMENT | |
| Title | Benchmarking for best practice / |
| Statement of responsibility, etc. | Mohamed Zairi. |
| 260 ## - PUBLICATION, DISTRIBUTION, ETC. | |
| Place of publication, distribution, etc. | [S.l.] : |
| Name of publisher, distributor, etc. | Butterworth-Heinemann, |
| Date of publication, distribution, etc. | 1998. |
| 300 ## - PHYSICAL DESCRIPTION | |
| Extent | 512 p. ; |
| Dimensions | 24 cm. |
| 520 ## - SUMMARY, ETC. | |
| Summary, etc. | Benchmarking for Best Practice uses up-to-the-minute case-studies of individual companies and industry-wide quality schemes to show how and why implementation has succeeded. For any practitioner wanting to establish best practice in a wide variety of business areas, this book makes essential reading. It is also an ideal textbook on the applications of TQM since it describes concepts, covers definitions and illustrates the applications with first-hand examples. Professor Mohamed Zairi is an international expert and leading figure in the field of benchmarking. His pioneering work in this area led to the implementation of sixty comprehensive benchmarking projects in companies worldwide. He has written several books on this subject including 'Practical Benchmarking' in 1992. Presents an integrated, strategic appraisal of how benchmarking impacts on organizational activities and performance Presents examples of best practice in a wide range of industries all over the world - including service, manufacturing, public sector, health care and education Includes up-to-the-minute examples including Rank Xerox and ICL (now D2D), both winners of the EQA (European Quality Award) |
| 856 40 - ELECTRONIC LOCATION AND ACCESS | |
| Materials specified | Amazon.com |
| Uniform Resource Identifier | <a href="http://www.amazon.com/exec/obidos/ASIN/0750639482/chopaconline-20">http://www.amazon.com/exec/obidos/ASIN/0750639482/chopaconline-20</a> |
| 942 ## - ADDED ENTRY ELEMENTS (KOHA) | |
| Institution code [OBSOLETE] | NBS |
| Koha item type | Book |
| Call number prefix | 658.4013 ZAI |
| Withdrawn status | Lost status | Damaged status | Not for loan | Permanent Location | Current Location | Date acquired | Total Checkouts | Full call number | Barcode | Date last seen | Price effective from | Koha item type |
|---|---|---|---|---|---|---|---|---|---|---|---|---|
| Central Library (CL) | Central Library (CL) | 08/28/2013 | 658.4013 ZAI | NBS91 | 08/28/2013 | 08/28/2013 | Book | |||||
| Central Library (CL) | Central Library (CL) | 08/28/2013 | 658.4013 ZAI | NBS92 | 08/28/2013 | 08/28/2013 | Book |
